Statistics for mario charcters

Click here to take the quiz!

General Stats

  • This quiz has been taken 15 times
  • The average score is 5 of 6

Answer Stats

Answer% Correct
mario
100%
yoshi
100%
daisy
91%
wario
91%
bowser
73%
peach
55%

Score Distribution

Percentile by Number Answered

Percent of People with Each Score

Your Score History

You have not taken this quiz